书目信息 |
| 题名: |
卢沟桥抗战
|
|
| 作者: | 高鹏 文 ;金爽 图 | |
| 分册: | ||
| 出版信息: | 北京 团结出版社 2005 |
|
| 页数: | 166页 | |
| 开本: | 23cm | |
| 丛书名: | 图片中国抗战丛书 | |
| 单 册: | ||
| 中图分类: | K265.406 | |
| 科图分类: | ||
| 主题词: | 七·七事变 , 七·七事变--史料 | |
| 电子资源: | ||
| ISBN: | 7-80130-825-5 | |
| 000 | 00929oam2 2200277 450 | |
| 001 | 002904719 | |
| 005 | 20070803144059.73 | |
| 010 | @a7-80130-825-5@dCNY26.00 | |
| 100 | @a20050627d2005 em y0chiy0110 ea | |
| 101 | 0 | @achi |
| 102 | @aCN@b110000 | |
| 105 | @aa z 000yy | |
| 200 | 1 | @a卢沟桥抗战@9lu gou qiao kang zhan@e抗战第一枪@e1937年7~11月@f高鹏文@g金爽图 |
| 210 | @a北京@c团结出版社@d2005 | |
| 215 | @a166页@c照片@d23cm | |
| 225 | 2 | @a图片中国抗战丛书 |
| 330 | @a本书记述了1937年卢沟桥抗战的经过,包括战前态势、战况总览、卢沟桥争夺战、妥协的破产、推动全面抗战、平津保卫战、战果评析等七章。 | |
| 461 | 0 | @12001 @a图片中国抗战丛书 |
| 517 | 1 | @a抗战第一枪@9kang zhan di yi qiang |
| 606 | 0 | @a七·七事变 |
| 606 | 0 | @a七·七事变@j史料 |
| 690 | @aK265.406@v4 | |
| 701 | 0 | @a高鹏@9gao peng@f(1960.10~)@4文 |
| 702 | 0 | @a金爽@9jin shuang@c(文学)@4图 |
| 801 | 0 | @aCN@bNLC@c20070803 |
| 905 | @a10447@dK265.406@e92 | |
| 卢沟桥抗战:抗战第一枪:1937年7~11月/高鹏文/金爽图.-北京:团结出版社,2005 |
| 166页:照片;23cm.-(图片中国抗战丛书) |
| ISBN 7-80130-825-5:CNY26.00 |
| 本书记述了1937年卢沟桥抗战的经过,包括战前态势、战况总览、卢沟桥争夺战、妥协的破产、推动全面抗战、平津保卫战、战果评析等七章。 |
| ● |
| 相关链接 |
|
|
|
|
正题名:卢沟桥抗战
索取号:K265.406/92
 
预约/预借
| 序号 | 登录号 | 条形码 | 馆藏地/架位号 | 状态 | 备注 |
| 1 | 0801965 | 208019650 | 第二样本阅览室/ [索取号:K265.406/92] | 在馆 | |
| 2 | 0801966 | 208019669 | 第二借阅区/ [索取号:K265.406/92] | 在馆 | |
| 3 | 0801967 | 208019678 | 第二借阅区/ [索取号:K265.406/92] | 在馆 | |
| 4 | 0801968 | 208019687 | 密集书库/ [索取号:K265.406/92] | 在馆 | |
| 5 | 0801969 | 208019696 | 第二借阅区/ [索取号:K265.406/92] | 在馆 | |
| 6 | 0801970 | 208019703 | 密集书库/ [索取号:K265.406/92] | 在馆 | |
| 7 | 0801971 | 208019712 | 密集书库/ [索取号:K265.406/92] | 在馆 | |
| 8 | 0801972 | 208019721 | 第二借阅区/ [索取号:K265.406/92] | 在馆 | |
| 9 | 0801973 | 208019730 | 第二借阅区/ [索取号:K265.406/92] | 在馆 | |
| 10 | 0801974 | 208019749 | 密集书库/ [索取号:K265.406/92] | 在馆 |